000 00536ntaaa2200193 4500
003 01
005 20251027201943.0
008 0714s1973 ag 01
040 _aAR-BaBN
_bspa
_cAR-BaBN
_eaacr
_dRIC
082 _a248.0000 C67e6
100 _aColeman, Robert E.
_9743
245 _aEstablished by the word; Bible lessons for new Christians.
250 _a1 ed.
260 _aOld Tappan :
_bFleming H. Revell Co.,
_c1975
300 _a77 p.
650 _aVida Cristiana-Estudio
_96138
650 _aCreyentes Nuevos
_91493
942 _cBK
999 _c14265
_d14265